000 00144 a2200073 4500
020 _a9780723280798
082 _aEJF POWE
245 _aTHE JUNGLE BOOK
999 _c794458
_d794457
942 _w427
_xHELEN Viviers
_y427
_zHELEN Viviers